| 000 | 00882cab a2200277 4500 | ||
|---|---|---|---|
| 001 | ABS58732 | ||
| 008 | 090401t1998 xxu||||| |||| 00| 0 eng d | ||
| 035 | _a(Sirsi) u86429 | ||
| 041 | _aeng | ||
| 100 | _aSkelton, N | ||
| 245 | _aAbolition of privacy: the use of authorised guarantee agreements | ||
| 260 | _c1998 | ||
| 350 | _a0 | ||
| 490 |
_aSolicitors` Journal _v(142) 8 May 1998, 423(1) |
||
| 520 | _aCautions landlords on the widescale use of authorised guarantee agreements, suggesting that they may restrain future captial and rental grwoth. | ||
| 650 | _aAUTHORISED GUARANTEE AGREEMENTS | ||
| 650 | _aCAPITAL GROWTH | ||
| 650 | _aLEASE TERMS | ||
| 650 | _aPRIVITY OF CONTRACT | ||
| 650 | _aRENT REVIEW | ||
| 650 | _aTENANT DEFAULT | ||
| 650 | _aTERMS OF LEASE | ||
| 690 | _aLANDLORD AND TENANT-BUSINESS TENANCIES | ||
| 942 | _n0 | ||
| 948 | _c28/05/1998 | ||
| 999 |
_c54395 _d54395 |
||